Alexa Bliss's WrestleMania Opponents - Statistics

General Stats
  • This quiz has been taken 25 times
  • The average score is 6 of 8
Answer Stats
WrestleMania Opponent % Correct
WrestleMania 33 Becky Lynch
89%
WrestleMania 33 Naomi
83%
WrestleMania 36 Asuka
78%
WrestleMania 34 Nia Jax
78%
WrestleMania 36 Kairi Sane
72%
WrestleMania 33 Natalya
72%
WrestleMania 33 Carmella
61%
WrestleMania 33 Mickie James
50%
No matching quizzes found
Score Distribution
Percent of People with Each Score
Percentile by Number Answered
Your Score History
You have not taken this quiz